<?xml version="1.0" encoding="UTF-8"?>
<record
    xmlns:xsi="http://www.w3.org/2001/XMLSchema-instance"
    xsi:schemaLocation="http://www.loc.gov/MARC21/slim http://www.loc.gov/standards/marcxml/schema/MARC21slim.xsd"
    xmlns="http://www.loc.gov/MARC21/slim">

  <leader>01165nam a22001697a 4500</leader>
  <controlfield tag="008">120627t        xxu||||| |||| 00| 0 eng d</controlfield>
  <datafield tag="020" ind1=" " ind2=" ">
    <subfield code="a">9781423901358</subfield>
  </datafield>
  <datafield tag="050" ind1=" " ind2=" ">
    <subfield code="a">QA76.73.J38.M112</subfield>
  </datafield>
  <datafield tag="100" ind1=" " ind2=" ">
    <subfield code="a">Malik D.S.</subfield>
  </datafield>
  <datafield tag="245" ind1=" " ind2=" ">
    <subfield code="a">Java programming: from problem analysis to program design. /</subfield>
    <subfield code="c"> D.S Malik</subfield>
  </datafield>
  <datafield tag="250" ind1=" " ind2=" ">
    <subfield code="a">3rd ed.</subfield>
  </datafield>
  <datafield tag="260" ind1=" " ind2=" ">
    <subfield code="a">Australia:</subfield>
    <subfield code="b">Thomson;</subfield>
    <subfield code="c">2008.</subfield>
  </datafield>
  <datafield tag="300" ind1=" " ind2=" ">
    <subfield code="a">xxii, 1055 p.:</subfield>
    <subfield code="b">ill.;</subfield>
    <subfield code="c">26cm.</subfield>
  </datafield>
  <datafield tag="500" ind1=" " ind2=" ">
    <subfield code="a">Includes index.</subfield>
  </datafield>
  <datafield tag="505" ind1=" " ind2=" ">
    <subfield code="a">Contents: An Overview of computers and programming languages -- Basic elements java -- Introduction to objects and input/ output -- Control structures I: selection -- Control structures II: Repetition -- Graphical user interface (GUL) and object- oriented design (OOD) -- User-defined methods -- User- defined classes and ADTs -- Arrays -- Applications of arrays (searching and sorting ) and strings -- Inheritance and polymorphism -- Handing exceptions and events -- Advanced GUIs and graphics -- Recursion -- Appendix A: Java reserved word -- Appendix B: Operator precedence -- Appendix C: Character sets -- Appendix D: Additional Java topics -- Appendix E: Answers to odd-numbered exercises.</subfield>
  </datafield>
  <datafield tag="942" ind1=" " ind2=" ">
    <subfield code="2">lcc</subfield>
    <subfield code="c">BK</subfield>
  </datafield>
  <datafield tag="999" ind1=" " ind2=" ">
    <subfield code="c">1584</subfield>
    <subfield code="d">9084</subfield>
  </datafield>
  <datafield tag="952" ind1=" " ind2=" ">
    <subfield code="0">0</subfield>
    <subfield code="1">0</subfield>
    <subfield code="2">lcc</subfield>
    <subfield code="4">0</subfield>
    <subfield code="7">0</subfield>
    <subfield code="a">WIUC-1</subfield>
    <subfield code="b">WIUC-1</subfield>
    <subfield code="c">GEN</subfield>
    <subfield code="d">2012-06-27</subfield>
    <subfield code="l">0</subfield>
    <subfield code="o">QA76.73.J38.M112</subfield>
    <subfield code="p">4615/12</subfield>
    <subfield code="r">2012-06-27 00:00:00</subfield>
    <subfield code="t">1</subfield>
    <subfield code="w">2012-06-27</subfield>
    <subfield code="y">BK</subfield>
  </datafield>
  <datafield tag="952" ind1=" " ind2=" ">
    <subfield code="0">0</subfield>
    <subfield code="1">0</subfield>
    <subfield code="2">lcc</subfield>
    <subfield code="4">0</subfield>
    <subfield code="7">0</subfield>
    <subfield code="a">WIUC-1</subfield>
    <subfield code="b">WIUC-1</subfield>
    <subfield code="c">GEN</subfield>
    <subfield code="d">2012-06-27</subfield>
    <subfield code="l">0</subfield>
    <subfield code="o">QA76.73.J38.M1121</subfield>
    <subfield code="p">4616/12</subfield>
    <subfield code="r">2012-06-27 00:00:00</subfield>
    <subfield code="t">2</subfield>
    <subfield code="w">2012-06-27</subfield>
    <subfield code="y">BK</subfield>
  </datafield>
  <datafield tag="952" ind1=" " ind2=" ">
    <subfield code="0">0</subfield>
    <subfield code="1">0</subfield>
    <subfield code="2">lcc</subfield>
    <subfield code="4">0</subfield>
    <subfield code="7">0</subfield>
    <subfield code="a">WIUC-1</subfield>
    <subfield code="b">WIUC-1</subfield>
    <subfield code="c">GEN</subfield>
    <subfield code="d">2012-06-27</subfield>
    <subfield code="l">0</subfield>
    <subfield code="o">QA76.73.J38.M1122</subfield>
    <subfield code="p">4617/12</subfield>
    <subfield code="r">2012-06-27 00:00:00</subfield>
    <subfield code="t">3</subfield>
    <subfield code="w">2012-06-27</subfield>
    <subfield code="y">BK</subfield>
  </datafield>
  <datafield tag="952" ind1=" " ind2=" ">
    <subfield code="0">0</subfield>
    <subfield code="1">0</subfield>
    <subfield code="2">lcc</subfield>
    <subfield code="4">0</subfield>
    <subfield code="7">0</subfield>
    <subfield code="a">WIUC-1</subfield>
    <subfield code="b">WIUC-1</subfield>
    <subfield code="c">GEN</subfield>
    <subfield code="d">2012-06-27</subfield>
    <subfield code="l">0</subfield>
    <subfield code="o">QA76.73.J38.M1123</subfield>
    <subfield code="p">4618/12</subfield>
    <subfield code="r">2012-06-27 00:00:00</subfield>
    <subfield code="t">4</subfield>
    <subfield code="w">2012-06-27</subfield>
    <subfield code="y">BK</subfield>
  </datafield>
</record>
